| 000 | 00918nam a2200217 a 4500 | ||
|---|---|---|---|
| 001 | 57166 | ||
| 003 | BD-RjUL | ||
| 005 | 20211209080456.0 | ||
| 008 | 161206s2011 bg ||||| |||| 00| 0 ben d | ||
| 035 | _a(BD-RjUL)57290 | ||
| 040 |
_aBD-RjUL _bben _cBD-RjUL _dBD-RjUL |
||
| 041 | _aben | ||
| 082 |
_223 _a297 _bKUE 2011 |
||
| 100 |
_aকুদ্দুস, আবু কাব আনীসুর রহমান বিন আব্দুল _9124832 |
||
| 245 | 1 | 0 |
_aএকাধিক উপাস্য কি সত্য না সের্ফ এক উপাস্য? / _cআবু কাব আনীসুর রহমান বিন আব্দুল কুদ্দুস |
| 260 |
_aঢাকা : _bজায়েদ লাইব্রেরী, _c২০১১ |
||
| 300 |
_a১১২ পৃ. ; _c২৩ সেমি. |
||
| 650 |
_aইসলাম _9124833 |
||
| 650 |
_aIslam _9124834 |
||
| 942 |
_2ddc _cBK |
||
| 999 |
_c57166 _d57166 |
||